000 01247nab a22002417a 4500
999 _c5712
_d5712
003 OSt
005 20251230234853.0
008 190605e xxu||||| |||| 00| 0 spa d
040 _cPJ
100 _95562
_aBilvao Aranda, Facundo M.
245 1 0 _aReforma Laboral por la Ley de Bases :
_bante sentencias discordantes en todo el país, la Corte Suprema dio sus primeras señales /
_cFacundo M. Bilvao Aranda.
260 _aCiudad Autónoma de Buenos Aires :
_bThomson Reuters La Ley,
_c2024.
300 _ap. 67-69
500 _aCita: TR LALEY AR/DOC/2104/2024
505 _aSumario: I. Introducción.— II. El caso.— III. La decisión de la Corte.— IV. Con pocas palabras, la Corte dijo mucho.— V. Aún queda mucha tela para cortar.
505 _tFallo comentado: CS ~ 13/08/2024 ~ Domínguez, Yanina Vanesa c. Muresco S.A. s/ despido.
505 _t¿Te interesa el texto completo? Solicitalo al correo: koha@justierradelfuego.gov.ar
650 0 _91316
_aDERECHO LABORAL
650 0 _91391
_aREFORMA LABORAL
650 0 _9699
_aFALLOS DE LA CORTE SUPREMA
773 0 _02711
_93168
_dCiudad Autónoma de Buenos Aires : Thomson Reuters La Ley, 1999-2002.
_tRevista de derecho del trabajo. Nº 5 - Septiembre 2024
942 _2udc
_cANA